Очистка сточных вод: примеры расчетов; учебное пособие

Λεπτομέρειες βιβλιογραφικής εγγραφής
Κύριος συγγραφέας: Лапицкая М. П. Мария Павловна
Γλώσσα:Ρωσικά
Έκδοση: Минск, Вышэйшая школа, 1969
Θέματα:
Μορφή: Βιβλίο
KOHA link:https://koha.lib.tpu.ru/cgi-bin/koha/opac-detail.pl?biblionumber=123673

MARC

LEADER 00000nam0a2200000 4500
001 123673
005 20231031130607.0
035 |a (RuTPU)RU\TPU\book\133859 
090 |a 123673 
100 |a 20071023d1969 m y0rusy50 ca 
101 0 |a rus 
102 |a BY 
105 |a a j 001zy 
200 1 |a Очистка сточных вод  |e примеры расчетов  |e учебное пособие  |f М. П. Лапицкая 
210 |a Минск  |c Вышэйшая школа  |d 1969 
215 |a 168 с.  |c ил. 
320 |a Литература: с. 162-163. 
610 1 |a очистка 
610 1 |a сточные воды 
610 1 |a учебные пособия 
610 1 |a расчет 
610 1 |a станции 
610 1 |a аэрация 
610 1 |a биофильтры 
675 |a 628.3(02)  |v 3 
700 1 |a Лапицкая  |b М. П.  |g Мария Павловна 
801 1 |a RU  |b 63413507  |c 20071023  |g PSBO 
801 2 |a RU  |b 63413507  |c 20080115  |g PSBO 
942 |c BK